000 00565nam a2200181Ia 4500
003 GCL
008 140319s9999 xx 000 0 ara d
040 _aGCL /
_cGCL
082 0 4 _a410.7
_bم د
100 1 _aمحمد عبدالقادر احمد عطا
245 1 0 _aدراسات فى التربية العربية /
_cمحمد عبدالقادر احمد عطا
260 _a[S.N] :
_bمكتبة النهضة المصرية ،
_c1987
300 _a213 ص
490 _a
650 0 4 _aالتعليم
650 0 4 _aاللغة العربية
942 _2ddc
_cBK
999 _c52705
_d52705